Austria all time starting xi - Statistics

General Stats
  • This quiz has been taken 91 times
    20 since last reset
  • The average score is 5 of 11
Answer Stats
Hint Answer % Correct
DF(2009- David Alaba
100%
FW(2008- Marko Arnautovic
93%
MF(2012- Marcel Sabitzer
79%
FW(1982-2000 Toni Polster
57%
DF(2013-2022 Martin Hinteregger
50%
MF(1988-2003 Andi Herzog
43%
DF(2006-2016 Christian Fuchs
43%
FW(1926-1937 Mathias Sindelar
36%
DF(2009-2022 Aleksander Dragovic
29%
MF(2009-2023 Julian Baumgartlinger
14%
GK(1970-1985 Friedrich Koncilia
0%
No matching quizzes found
Score Distribution
Percent of People with Each Score
Percentile by Number Answered
Your Score History
You have not taken this quiz since the last reset